|
|
|
|
| LEADER |
00000nas a22000001a 4500 |
| 001 |
vtls010299083 |
| 003 |
SK-MaSNL |
| 005 |
20260228163125.0 |
| 008 |
110809d19341937xo mr p r 0 b0hun |
| 015 |
|
|
|a SNBDS17XX9999
|
| 015 |
|
|
|a 1198
|2 Kipsová 1919-38
|
| 038 |
|
|
|a SNKBUDS
|
| 040 |
|
|
|a SNK
|b slo
|c SNK
|e AACR2
|
| 041 |
0 |
|
|a hun
|
| 044 |
|
|
|a xo
|c SK
|
| 245 |
0 |
2 |
|a A Kárpátok
|b Turistik, Alpinismus, Wintersport
|
| 260 |
|
|
|a Košice
|b Karpathenverein
|c 1934-1937
|
| 300 |
|
|
|a 4 roč.
|c 23 x 15 cm
|
| 310 |
|
|
|a 1x mesačne
|
| 362 |
0 |
|
|a Roč. VIII, č. 1 (jan. [1934])-roč. XI, č. 4 (jún [1937])
|
| 500 |
|
|
|a Vych. v Košiciach [12-krát do roka]
|
| 500 |
|
|
|a Hlav. red. Róbert Kreiss
|
| 500 |
|
|
|a Vyd. Karpathenverein
|
| 500 |
|
|
|a Tlač. Grafika
|
| 500 |
|
|
|a Spracovaný od jan. 1934 do júna 1937
|
| 505 |
8 |
0 |
|g Roč. VIII. [1934] 12 čís. 88 s.
|
| 505 |
8 |
0 |
|g Roč. IX. [1935] 12 čís. 84 s.
|
| 505 |
8 |
0 |
|g Roč. X. [1936] 12 čís. 64 s.
|
| 505 |
8 |
0 |
|g Roč. XI. [1937] 4 čís. 24 s.
|
| 520 |
|
|
|a Ilustrovaný turistický časopis v maďarskom jazyku
|
| 580 |
|
|
|a Predtým vychádzal ako Turistik, Alpinismus, Wintersport
|
| 700 |
1 |
|
|a Kreiss, Róbert
|4 pbd
|9 271007
|
| 710 |
2 |
|
|a Karpathenverein
|e vydav.
|9 271013
|
| 710 |
2 |
|
|a Grafika (Košice)
|e tlač.
|9 273111
|
| 780 |
0 |
0 |
|t Turistik, Alpinismus, Wintersport
|
| 852 |
|
|
|a SNK
|b 10000
|h ČSC 634
|
| 852 |
|
|
|a UKB
|b 300000
|h 21 D 146
|
| 852 |
|
|
|a PANKP
|b 5000000
|h 17 D 645
|
| 852 |
|
|
|a PANKP
|b 5000000
|h II 15289
|
| 999 |
|
|
|c 8902
|d 10832
|